| 000 | 00654nam a2200193Ia 4500 | ||
|---|---|---|---|
| 003 | GCL | ||
| 005 | 20240530104615.0 | ||
| 008 | 140319s9999 xx 000 0 ara d | ||
| 040 |
_aGCL / _cGCL |
||
| 082 | 0 | 4 |
_a320.5315 _bغ م |
| 100 | 1 | _aغارودى، روجيه | |
| 245 | 1 | 0 |
_aماركسية القرن العشرين / _cتاليف روجيه غارودى ؛ تعريب نزيه الحكيم |
| 300 | _a256 ص | ||
| 490 |
_aالهيئة العامة للاستعلامات _v0 |
||
| 650 | 0 | 4 | _aالسياسة |
| 650 | 0 | 4 | _aالماركسية - العصر الحديث |
| 650 | 0 | 4 | _aالديمقراطية الاشتراكية |
| 942 |
_2ddc _cBK |
||
| 999 |
_c49153 _d49153 |
||